000 00531nam a22001697a 4500
999 _c8547
_d8547
008 201202b ||||| |||| 00| 0 eng d
040 _aBMS College of Architecture
100 _aKhan, Nazneen Fathima
245 _aVocational training institute
300 _avi,32p.
500 _a1BM13AT046
502 _8B,Arch
_NBMS College of Architecture, Visvesvaraya Technological University (VTU)
_aProject report
_d2017
650 _aInstitute
700 _aPraveen Upadhye
_eGuide
700 _aSayee Deodhar
_eGuide
942 _2ddc
_cTHE